ბათუმის შოთა რუსთაველის სახელმწიფო უნივერსიტეტის ბიბლიოთეკა

ადამიანის ბუნების შეცნობისათვის : (ბიბ.ჩანაწერი № 62420)

000 -ლიდერი
ფიქსირებული სიგრძის საკონტროლო ველი 01197nam a22002177a 4500
003 - საკონტროლო ნომრის იდენტიფიკატორი
საკონტროლო ველი Ge_BSU
005 - ბოლო ოპერაციის თარიღი და დრო
საკონტროლო ველი 20241030165749.0
008 - ფიქსირებული სიგრძის მონაცემთა ელემენტები - ზოგადი ინფორმაცია
ფიქსირებული სიგრძის საკონტროლო ველი 241030s2023 ge ||||| |||| 00| 0 geo d
020 ## - წიგნის საერთაშორისო სტანდარტული ნომერი
International Standard Book Number 9789941118265
041 ## - ენის კოდი
Language code of text/sound track or separate title geo
080 ## - უნივერსალური ათობითი კლასიფიკაციის ინდექსი
Universal Decimal Classification number 159.9 ა-28
100 ## - მთავარი ჩანაწერი - პიროვნების სახელი
Personal name ადლერი, ალფრედ
9 (RLIN) 16213
245 ## - ცნობა სათაურის შესახებ
Title ადამიანის ბუნების შეცნობისათვის :
Remainder of title გზა თვითშემეცნებისკენ /
Statement of responsibility, etc ალფრედ ადლერი; ინგლისურიდან თარგმნა თამარ ბოგვერაძემ; ბერან ვოლფის წინასიტყვაობა.
264 ## - წარმოების, გამოცემის, დისტრიბუციის და სხვა ცნობები
გამოცემის, წარმოების, დისტრიბუციის... ადგილი თბილისი :
გამოცემის, წარმოების, დისტრიბუციის... სახელწოდება დიოგენე,
გამოცემის, წარმოების, დისტრიბუციის... თარიღი 2023.
300 ## - ფიზიკური აღწერა
Extent 287 გვ.;
Other physical details 20 სმ.
653 ## - INDEX TERM--UNCONTROLLED
Uncontrolled term ადამაიანის ფსიქოლოგია
653 ## - INDEX TERM--UNCONTROLLED
Uncontrolled term თვითშემეცნება
700 ## - ADDED ENTRY--PERSONAL NAME
Personal name ბოგვერაძე, თამარ
Relator term მთარგმნელი
9 (RLIN) 23543
700 ## - ADDED ENTRY--PERSONAL NAME
Personal name ვოლფი, ბერან
Relator term წინასიტყვაობის ავტორი
9 (RLIN) 23544
942 ## - ADDED ENTRY ELEMENTS (KOHA)
Source of classification or shelving scheme
Koha item type წიგნი
ეგზემპლარები
ჩამოწერის სტატუსი დაკარგული ეგზემპლარის სტატუსი კლასიფიკაციის წყარო ან თაროზე გაწყობის სქემა დაზიანების სტატუსი არ გაიცემა მუდმივი მდებარეობა (დაცვის ადგილი) ამჟამინდელი ადგილსამყოფელი თაროზე განთავსების ადგილი შეძენის თარიღი ღირებულება, შესყიდვის ნორმალური ფასი სრული შენახვის შიფრი შტრიხკოდი ბოლო ოპერაციის თარიღი ეგზემპლარის მიმდევრობითი ნომერი (კეტერი?) ფასის ძალაში შესვლის თარიღი ეგზემპლარის სახეობა საჯარო შენიშვნა
          ბათუმის შოთა რუსთაველის სახელმწიფო უნივერსიტეტის მთავარი ბიბლიოთეკა ბათუმის შოთა რუსთაველის სახელმწიფო უნივერსიტეტის მთავარი ბიბლიოთეკა წიგნსაცავი 2024-10-30 17.95 159.9 ა-28 69543 2024-10-30 69543 2024-10-30 წიგნი 17 ლ. 95 თ.